[Event "Banfield Bolbochan Memorial 3rd"]
[Site "Banfield"]
[Date "2011.09.05"]
[Round "9"]
[White "Filion, Charles"]
[Black "Guerrero, Alvaro"]
[Result "0-1"]
[WhiteElo "2230"]
[BlackElo "2210"]
[PlyCount "96"]
[EventDate "2011.08.29"]
[EventType "tourn"]
[EventRounds "9"]
[EventCountry "ARG"]
[EventCategory "3"]
[SourceTitle "CBM 144 Extra"]
[Source "ChessBase"]
[SourceDate "2011.10.28"]
[SourceVersion "1"]
[SourceVersionDate "2011.10.28"]
[SourceQuality "1"]

1. e4 c6 2. d4 d5 3. Nc3 dxe4 4. Nxe4 Bf5 5. Ng3 Bg6 6. N1e2 Nd7 7. h4 h6 8. Nf4 Bh7 9. Bd3 Bxd3 10. Qxd3 Qc7 11. Be3 Ngf6 12. 0-0-0 e6 13. Ngh5 Nxh5 14. Nxh5 Qa5 15. g4 Qxa2 16. f4 0-0-0 17. Ng3 Nc5 18. Qc3 a5 19. Qa3 Qxa3 20. bxa3 Na4 21. Rd3 Nb6 22. Bd2 Nc4 23. a4 Bd6 24. Ne4 Bc7 25. Rf1 h5 26. Ng5 Rd7 27. f5 hxg4 28. fxe6 fxe6 29. Nxe6 Nxd2 30. Rxd2 Bd6 31. c4 Be7 32. Rg2 Rxh4 33. Kc2 Bf6 34. Kd3 Rd6 35. Re1 Bxd4 36. Nxd4 c5 37. Re8+ Kd7 38. Rge2 Rxd4+ 39. Kc3 Kc7 40. R2e7+ Rd7 41. Re5 b6 42. Rg5 Rh3+ 43. Kc2 g3 44. Re3 Rh2+ 45. Kc3 g2 46. Reg3 Kd8 47. Rg6 Ke8 48. Rxb6 Rh3 0-1

[Event "Banfield Bolbochan Memorial 3rd"]
[Site "Banfield"]
[Date "2011.09.02"]
[Round "5"]
[White "Gaitan, Juan Manuel"]
[Black "Filion, Charles"]
[Result "1/2-1/2"]
[WhiteElo "2181"]
[BlackElo "2230"]
[PlyCount "84"]
[EventDate "2011.08.29"]
[EventType "tourn"]
[EventRounds "9"]
[EventCountry "ARG"]
[EventCategory "3"]
[SourceTitle "CBM 144 Extra"]
[Source "ChessBase"]
[SourceDate "2011.10.28"]
[SourceVersion "1"]
[SourceVersionDate "2011.10.28"]
[SourceQuality "1"]

1. d4 Nf6 2. c4 e6 3. Nf3 d5 4. Nc3 c5 5. cxd5 Nxd5 6. e4 Nxc3 7. bxc3 cxd4 8. cxd4 Bb4+ 9. Bd2 Bxd2+ 10. Qxd2 0-0 11. Bc4 Nc6 12. 0-0 b6 13. Rac1 Na5 14. Bd3 Bb7 15. Qf4 Nc6 16. Qe3 Rc8 17. Bb1 Qe7 18. Rfd1 Na5 19. e5 Rxc1 20. Rxc1 Rc8 21. Rxc8+ Bxc8 22. Qf4 Bb7 23. Be4 h6 24. h4 Qd7 25. g4 Bxe4 26. Qxe4 Qc6 27. Qf4 Qc2 28. g5 h5 29. Kg2 Nc4 30. d5 exd5 31. e6 fxe6 32. Qb8+ Kh7 33. g6+ Kxg6 34. Qe8+ Kh6 35. Ng5 Qe2 36. Qh8+ Kg6 37. Qe8+ Kf5 38. Nf3 Ne3+ 39. Kg3 Nf1+ 40. Kg2 Ne3+ 41. Kg3 Nf1+ 42. Kg2 Ne3+ 1/2-1/2

[Event "Banfield Bolbochan Memorial 3rd"]
[Site "Banfield"]
[Date "2011.08.31"]
[Round "3"]
[White "Saldano Dayer, Horacio"]
[Black "Filion, Charles"]
[Result "1-0"]
[WhiteElo "2428"]
[BlackElo "2232"]
[PlyCount "99"]
[EventDate "2011.08.29"]
[EventType "tourn"]
[EventRounds "9"]
[EventCountry "ARG"]
[EventCategory "3"]
[SourceTitle "CBM 144 Extra"]
[Source "ChessBase"]
[SourceDate "2011.10.28"]
[SourceVersion "1"]
[SourceVersionDate "2011.10.28"]
[SourceQuality "1"]

1. e4 e5 2. Nf3 Nc6 3. Nc3 Nf6 4. g3 Bc5 5. Bg2 d6 6. d3 a6 7. h3 h6 8. 0-0 Be6 9. Be3 Bxe3 10. fxe3 d5 11. exd5 Nxd5 12. Nxd5 Bxd5 13. Nh4 Bxg2 14. Kxg2 0-0 15. Nf5 Kh7 16. Qh5 Qg5 17. Qxg5 hxg5 18. g4 Rad8 19. Rf2 f6 20. Rh1 Rd7 21. Ng3 Kg8 22. Ne4 b6 23. h4 gxh4 24. Rxh4 Ne7 25. Kf1 Ng6 26. Rh5 Nh8 27. Ke2 Nf7 28. Rxf6 gxf6 29. Nxf6+ Kg7 30. Nxd7 Re8 31. Rf5 Re7 32. Nf6 Nh6 33. Rf2 Kg6 34. Nd5 Rd7 35. e4 Kg5 36. Ne3 Rg7 37. Rh2 Rg6 38. Rh5+ Kf4 39. b4 b5 40. a3 c6 41. Rh1 Ng8 42. Rf1+ Kg3 43. Rf5 Nh6 44. Rxe5 Nxg4 45. Nxg4 Kxg4 46. Re7 Kf4 47. Kd2 Rd6 48. Ra7 c5 49. bxc5 Rc6 50. Rf7+ 1-0

[Event "Buenos Aires Grafica Yael-B 2nd"]
[Site "Buenos Aires"]
[Date "2011.07.21"]
[Round "9"]
[White "Filion, Charles"]
[Black "Bassan, Remo"]
[Result "1-0"]
[WhiteElo "2232"]
[BlackElo "2356"]
[PlyCount "121"]
[EventDate "2011.07.13"]
[EventType "tourn"]
[EventRounds "9"]
[EventCountry "ARG"]
[EventCategory "3"]
[SourceTitle "EXT 2014"]
[Source "ChessBase"]
[SourceDate "2013.11.20"]
[SourceVersion "1"]
[SourceVersionDate "2013.11.20"]
[SourceQuality "1"]

1. d4 d5 2. Nc3 Nf6 3. Qd3 Nc6 4. Bg5 h6 5. Bxf6 exf6 6. 0-0-0 Be6 7. e4 Qd7 8. exd5 Bxd5 9. Qb5 0-0-0 10. Qxd5 Qxd5 11. Nxd5 Rxd5 12. Nf3 g6 13. Bc4 Rd7 14. Bb5 Rd6 15. Rhe1 Nd8 16. Rd2 h5 17. Rde2 Bh6+ 18. Kb1 Re6 19. Rxe6 fxe6 20. c3 c6 21. Bc4 Kd7 22. Kc2 g5 23. Nd2 f5 24. Nf3 Kd6 25. Ne5 Bg7 26. Nf7+ Nxf7 27. Rxe6+ Kd7 28. Rg6 Bxd4 29. Bxf7 Ke7 30. cxd4 Kxf7 31. Rxg5 Kf6 32. h4 b6 33. Kc3 Rh7 34. Rg8 Ke6 35. Rg6+ Kd5 36. Kd3 c5 37. dxc5 bxc5 38. b3 a5 39. f4 a4 40. Rf6 axb3 41. Rxf5+ Kc6 42. axb3 Kb5 43. Kc3 Re7 44. Re5 Rg7 45. Rg5 Re7 46. b4 Re3+ 47. Kd2 Re4 48. Rxc5+ Kxb4 49. Rxh5 Rxf4 50. Ke3 Rf8 51. g4 Kc4 52. Rf5 Rg8 53. Kf4 Kd4 54. h5 Ra8 55. h6 Rh8 56. g5 Rh7 57. g6 Rxh6 58. g7 Rh1 59. Rg5 Rf1+ 60. Kg4 Rg1+ 61. Kf5 1-0

[Event "Buenos Aires Grafica Yael-B 2nd"]
[Site "Buenos Aires"]
[Date "2011.07.18"]
[Round "6"]
[White "Barrionuevo, Pablo"]
[Black "Filion, Charles"]
[Result "1-0"]
[WhiteElo "2314"]
[BlackElo "2232"]
[PlyCount "31"]
[EventDate "2011.07.13"]
[EventType "tourn"]
[EventRounds "9"]
[EventCountry "ARG"]
[EventCategory "3"]
[SourceTitle "EXT 2014"]
[Source "ChessBase"]
[SourceDate "2013.11.20"]
[SourceVersion "1"]
[SourceVersionDate "2013.11.20"]
[SourceQuality "1"]

1. e4 c5 2. c3 d5 3. exd5 Qxd5 4. d4 Nc6 5. Nf3 Bg4 6. dxc5 Qxd1+ 7. Kxd1 e5 8. b4 e4 9. h3 0-0-0+ 10. Kc2 Bf5 11. g4 Bxg4 12. hxg4 exf3 13. Bf4 f6 14. g5 f5 15. Bc4 Re8 16. Nd2 1-0

[Event "Buenos Aires Grafica Yael-B 2nd"]
[Site "Buenos Aires"]
[Date "2011.07.17"]
[Round "5"]
[White "Filion, Charles"]
[Black "Real de Azua, Ernesto"]
[Result "0-1"]
[WhiteElo "2232"]
[BlackElo "2438"]
[PlyCount "72"]
[EventDate "2011.07.13"]
[EventType "tourn"]
[EventRounds "9"]
[EventCountry "ARG"]
[EventCategory "3"]
[SourceTitle "EXT 2014"]
[Source "ChessBase"]
[SourceDate "2013.11.20"]
[SourceVersion "1"]
[SourceVersionDate "2013.11.20"]
[SourceQuality "1"]

1. d4 Nf6 2. c4 g6 3. Nc3 Bg7 4. e4 d6 5. Nf3 0-0 6. Be2 e5 7. 0-0 Nc6 8. d5 Ne7 9. Ne1 Nd7 10. f3 f5 11. g4 Kh8 12. Be3 Ng8 13. Ng2 Bh6 14. Bf2 a5 15. h4 Rf7 16. Rb1 Nc5 17. b3 Bd7 18. exf5 gxf5 19. g5 Bg7 20. f4 b6 21. fxe5 dxe5 22. a3 a4 23. Bh5 Rf8 24. bxa4 Nxa4 25. Nxa4 Bxa4 26. Qd2 Ne7 27. d6 Nc8 28. c5 bxc5 29. d7 Nd6 30. Bxc5 Ne4 31. Qe3 Nxc5 32. Qxc5 Qxd7 33. Rfc1 f4 34. Bf3 e4 35. Qxc7 Qd4+ 36. Kh2 exf3 0-1

[Event "Buenos Aires Bolivar op 4th"]
[Site "Buenos Aires"]
[Date "2011.06.23"]
[Round "9"]
[White "Tomeo, Ivan"]
[Black "Filion, Charles"]
[Result "0-1"]
[WhiteElo "2029"]
[BlackElo "2250"]
[PlyCount "57"]
[EventDate "2011.06.13"]
[EventType "swiss"]
[EventRounds "9"]
[EventCountry "ARG"]
[SourceTitle "EXT 2014"]
[Source "ChessBase"]
[SourceDate "2013.11.20"]
[SourceVersion "1"]
[SourceVersionDate "2013.11.20"]
[SourceQuality "1"]

1. e4 Nf6 2. Nc3 d5 3. exd5 Nxd5 4. Nxd5 Qxd5 5. d4 Nc6 6. Nf3 Bg4 7. Be2 0-0-0 8. c4 Qe4 9. Be3 e5 10. d5 Bb4+ 11. Kf1 Bxf3 12. gxf3 Qh4 13. Rg1 Nd4 14. Bxd4 exd4 15. Rg2 Bd6 16. Kg1 Rhe8 17. b4 Bf4 18. Bf1 Rd6 19. Rg3 Re5 20. Bg2 Rh6 21. Rh3 Bxh2+ 22. Kxh2 Qxf2 23. Rxh6 gxh6 24. f4 Qxf4+ 25. Kg1 Qe3+ 26. Kh1 d3 27. Qg4+ Kd8 28. Bh3 Ke7 29. d6+ 0-1

[Event "Buenos Aires Bolivar op 4th"]
[Site "Buenos Aires"]
[Date "2011.06.13"]
[Round "1"]
[White "Romano, Guillermo"]
[Black "Filion, Charles"]
[Result "0-1"]
[WhiteElo "1865"]
[BlackElo "2250"]
[PlyCount "70"]
[EventDate "2011.06.13"]
[EventType "swiss"]
[EventRounds "9"]
[EventCountry "ARG"]
[SourceTitle "EXT 2014"]
[Source "ChessBase"]
[SourceDate "2013.11.20"]
[SourceVersion "1"]
[SourceVersionDate "2013.11.20"]
[SourceQuality "1"]

1. e4 c5 2. Nf3 Nc6 3. Bb5 g6 4. c3 Bg7 5. 0-0 Nf6 6. Re1 0-0 7. e5 Nd5 8. d4 cxd4 9. cxd4 Nc7 10. Bd3 d6 11. h3 dxe5 12. dxe5 Ne6 13. Nc3 Ned4 14. Bf4 Nxf3+ 15. Qxf3 Qa5 16. Qe3 Be6 17. a3 Rfd8 18. Nb5 Rd7 19. b4 Qd8 20. Rad1 a6 21. Nc3 Nxe5 22. Bf1 Nc6 23. Rxd7 Qxd7 24. Rd1 Bd4 25. Qg3 Bb3 26. Rd2 Qe6 27. Ne2 Bf6 28. Bh6 Bc4 29. Be3 Be5 30. Qh4 Bf6 31. Qg3 Qe5 32. Qxe5 Bxe5 33. Rd7 b5 34. Nd4 Bxd4 35. Bxd4 Be6 0-1

[Event "Buenos Aires Duarte Memorial"]
[Site "Buenos Aires"]
[Date "2010.12.10"]
[Round "9"]
[White "Filion, Charles"]
[Black "Liascovich, Lucas Agustin"]
[Result "1-0"]
[WhiteElo "2232"]
[BlackElo "2437"]
[PlyCount "31"]
[EventDate "2010.12.10"]
[EventType "tourn"]
[EventRounds "9"]
[EventCountry "ARG"]
[EventCategory "3"]
[SourceTitle "CBM 139 Extra"]
[Source "ChessBase"]
[SourceDate "2011.01.05"]
[SourceVersion "1"]
[SourceVersionDate "2011.01.05"]
[SourceQuality "1"]

1. d4 Nf6 2. c4 e6 3. Nc3 Bb4 4. g3 c5 5. Nf3 Ne4 6. Bd2 Bxc3 7. Bxc3 Nxc3 8. bxc3 Qa5 9. Qd2 b6 10. Bg2 Bb7 11. d5 0-0 12. 0-0 Re8 13. Ng5 Qa6 14. Qd3 f5 15. dxe6 Bxg2 16. Qxf5 1-0

[Event "Buenos Aires Bolivar op 3rd"]
[Site "Buenos Aires"]
[Date "2010.06.25"]
[Round "2"]
[White "Saldano Dayer, Horacio"]
[Black "Filion, Charles"]
[Result "1-0"]
[WhiteElo "2428"]
[BlackElo "2217"]
[PlyCount "71"]
[EventDate "2010.06.24"]
[EventType "swiss"]
[EventRounds "7"]
[EventCountry "ARG"]
[SourceTitle "EXT 2011"]
[Source "ChessBase"]
[SourceDate "2010.11.26"]
[SourceVersion "1"]
[SourceVersionDate "2010.11.26"]
[SourceQuality "1"]

1. e4 c5 2. Nf3 d6 3. d4 cxd4 4. Qxd4 Bd7 5. c4 Nc6 6. Qd2 Nf6 7. Nc3 g6 8. b3 Bg7 9. Bb2 0-0 10. Be2 a6 11. Rb1 Rb8 12. a4 Bg4 13. 0-0 Nd7 14. h3 Bxf3 15. Bxf3 Nd4 16. Bd1 b5 17. Nd5 e5 18. cxb5 axb5 19. b4 bxa4 20. Bxa4 Nb6 21. Bxd4 Nxd5 22. Bxe5 Bxe5 23. Qxd5 Qh4 24. Bc6 g5 25. b5 g4 26. Rb3 Kh8 27. Bd7 Rg8 28. Bf5 Rg7 29. b6 Rbg8 30. Kh1 Qg5 31. hxg4 Rg6 32. Rh3 Rh6 33. Qxf7 Rxh3+ 34. gxh3 Rg7 35. Qe8+ Rg8 36. Qd7 1-0

[Event "Lanus Bicentenario"]
[Site "Lanus"]
[Date "2010.04.18"]
[Round "8"]
[White "Contin, Daniel"]
[Black "Filion, Charles"]
[Result "1-0"]
[WhiteElo "2309"]
[BlackElo "2217"]
[PlyCount "53"]
[EventDate "2010.04.12"]
[EventType "tourn"]
[EventRounds "9"]
[EventCountry "ARG"]
[EventCategory "4"]
[SourceTitle "EXT 2011"]
[Source "ChessBase"]
[SourceDate "2010.11.26"]
[SourceVersion "1"]
[SourceVersionDate "2010.11.26"]
[SourceQuality "1"]

1. Nf3 Nf6 2. c4 g6 3. Nc3 Bg7 4. d4 0-0 5. g3 d6 6. Bg2 Nc6 7. 0-0 a6 8. h3 Rb8 9. a4 Na5 10. b3 c5 11. Be3 Nd7 12. Rb1 Nc6 13. Qd2 b6 14. Rfd1 Bb7 15. d5 Nb4 16. Bh6 Nf6 17. Nh2 b5 18. axb5 axb5 19. Bxg7 Kxg7 20. Nxb5 Bxd5 21. Bxd5 Nbxd5 22. Nxd6 Nc7 23. Nf5+ Kh8 24. Qh6 gxf5 25. Rxd8 Rfxd8 26. Nf3 Ne4 27. Qf4 1-0

[Event "Buenos Aires Benko Memorial"]
[Site "Buenos Aires"]
[Date "2010.03.14"]
[Round "8"]
[White "Cuevas, Alex"]
[Black "Filion, Charles"]
[Result "1/2-1/2"]
[WhiteElo "2272"]
[BlackElo "2217"]
[PlyCount "37"]
[EventDate "2010.03.08"]
[EventType "tourn"]
[EventRounds "9"]
[EventCountry "ARG"]
[EventCategory "4"]
[SourceTitle "CBM 135 Extra"]
[Source "ChessBase"]
[SourceDate "2010.05.04"]
[SourceVersion "1"]
[SourceVersionDate "2010.05.04"]
[SourceQuality "1"]

1. c4 Nf6 2. g3 d6 3. Bg2 g6 4. Nc3 Bg7 5. e3 e5 6. Nge2 0-0 7. 0-0 Nc6 8. d4 exd4 9. exd4 Re8 10. d5 Ne5 11. b3 Ned7 12. Be3 Nc5 13. Bd4 Bf5 14. f3 a5 15. Qd2 Bd3 16. Rfe1 Bxe2 17. Nxe2 Nfd7 18. Rab1 Ne5 19. Qc3 1/2-1/2

[Event "Buenos Aires Benko Memorial"]
[Site "Buenos Aires"]
[Date "2010.03.09"]
[Round "2"]
[White "Filion, Charles"]
[Black "Bueno, Alfeu Varela Jr"]
[Result "0-1"]
[WhiteElo "2217"]
[BlackElo "2349"]
[PlyCount "56"]
[EventDate "2010.03.08"]
[EventType "tourn"]
[EventRounds "9"]
[EventCountry "ARG"]
[EventCategory "4"]
[SourceTitle "CBM 135 Extra"]
[Source "ChessBase"]
[SourceDate "2010.05.04"]
[SourceVersion "1"]
[SourceVersionDate "2010.05.04"]
[SourceQuality "1"]

1. e4 e6 2. d4 d5 3. Nc3 Nf6 4. Bg5 Be7 5. e5 Nfd7 6. h4 0-0 7. Qg4 Kh8 8. 0-0-0 c5 9. dxc5 Nxe5 10. Qh5 Nbc6 11. f4 Nd7 12. Bd3 f5 13. g4 Nxc5 14. gxf5 Nxd3+ 15. Rxd3 Rxf5 16. Nf3 Bd7 17. Re1 Rc8 18. a3 a6 19. Ne2 Qa5 20. Ng3 Rff8 21. Bxe7 Nxe7 22. Rd2 Ba4 23. b4 Qc7 24. Ng5 Bxc2 25. Nxe6 Qc3 26. Qe5 Qxa3+ 27. Qb2 Qxg3 28. Rxc2 Qxe1# 0-1

[Event "Buenos Aires Benko Memorial op"]
[Site "Buenos Aires"]
[Date "2010.02.17"]
[Round "4"]
[White "Filion, Charles"]
[Black "Lida Garcia, Fernando"]
[Result "1-0"]
[WhiteElo "2184"]
[BlackElo "2026"]
[PlyCount "101"]
[EventDate "2010.02.08"]
[EventType "swiss"]
[EventRounds "9"]
[EventCountry "ARG"]
[SourceTitle "CBM 135 Extra"]
[Source "ChessBase"]
[SourceDate "2010.05.04"]
[SourceVersion "1"]
[SourceVersionDate "2010.05.04"]
[SourceQuality "1"]

1. Nc3 c5 2. e4 Nc6 3. Bb5 g6 4. Bxc6 dxc6 5. Nf3 Bg7 6. d3 Nf6 7. Be3 b6 8. h3 Qc7 9. Qd2 h5 10. 0-0-0 e5 11. Ng5 Ng8 12. f4 Nh6 13. Nf3 exf4 14. Bxf4 Qe7 15. e5 Be6 16. Kb1 Bd5 17. Bg5 Qe6 18. Rde1 Bxf3 19. gxf3 Nf5 20. Ne4 Kd7 21. f4 Kc7 22. Qf2 Rae8 23. Rhf1 Qd7 24. Qh2 Re6 25. h4 Rf8 26. Qh3 Rfe8 27. Bf6 Rf8 28. Ng5 Bxf6 29. Nxe6+ Qxe6 30. exf6 Qxf6 31. Rh1 Rd8 32. Re4 b5 33. a3 Nd6 34. Re5 c4 35. Qe3 cxd3 36. Qxa7+ Nb7 37. cxd3 Rxd3 38. Rhe1 Rd7 39. Qf2 Qd8 40. Ka2 Nd6 41. Qc5 Nb7 42. Qb4 Qxh4 43. Rc1 Kb6 44. a4 Qf2 45. Rxb5+ cxb5 46. Qxb5+ Ka7 47. Qxd7 Qxf4 48. Rc7 Qe4 49. a5 h4 50. Qb5 Qe6+ 51. b3 1-0

[Event "Quebec Inv"]
[Site "Quebec"]
[Date "1997.??.??"]
[Round "7"]
[White "Filion, Charles"]
[Black "Schleifer, Michael"]
[Result "1/2-1/2"]
[WhiteElo "2155"]
[BlackElo "2320"]
[PlyCount "157"]
[EventDate "1997.06.05"]
[EventType "tourn"]
[EventRounds "9"]
[EventCountry "CAN"]
[EventCategory "2"]
[SourceTitle "CBM 058 Extra"]
[Source "ChessBase"]
[SourceDate "1997.07.29"]
[SourceVersion "1"]
[SourceVersionDate "1997.07.29"]
[SourceQuality "1"]

1. e4 g6 2. d4 Bg7 3. Nc3 d6 4. f4 Nf6 5. Nf3 0-0 6. Bd3 c5 7. d5 Na6 8. 0-0 Nb4 9. Bc4 e6 10. dxe6 Bxe6 11. Bxe6 fxe6 12. a3 Nc6 13. f5 exf5 14. exf5 gxf5 15. Qd3 Qd7 16. Be3 Rae8 17. Rad1 Qe6 18. Bf4 Ne4 19. Nb5 Rd8 20. c3 h6 21. Rfe1 c4 22. Qd5 Qxd5 23. Rxd5 Ne7 24. Rxd6 Nxd6 25. Bxd6 Nc6 26. Bxf8 Bxf8 27. Kf1 Rd5 28. Nc7 Rd3 29. Ne6 Bd6 30. Ned4 Nxd4 31. Nxd4 Bxh2 32. Nxf5 Bf4 33. Re4 Bg5 34. Rxc4 Rd1+ 35. Ke2 Rd2+ 36. Kf3 Rxb2 37. Rc7 a5 38. a4 Ra2 39. Rc4 Rb2 40. Rc7 Ra2 41. Rc4 Rb2 42. Nd6 b6 43. Rc6 Ra2 44. Rc4 Rb2 45. Rc6 Ra2 46. Rxb6 Rxa4 47. c4 Be7 48. Rb8+ Kg7 49. Nf5+ Kf6 50. g4 Bc5 51. Rb5 Rxc4 52. Rxa5 h5 53. Ra6+ Kg5 54. gxh5 Kxf5 55. h6 Bd4 56. h7 Be5 57. Ra8 Rh4 58. Ra7 Kg6 59. Re7 Bg7 60. Re4 Rxh7 61. Kg4 Bf6 62. Rf4 Rh1 63. Re4 Rg1+ 64. Kf4 Bg5+ 65. Ke5 Rd1 66. Rg4 Rd8 67. Re4 Bf6+ 68. Kf4 Rd6 69. Kg4 Rd5 70. Rf4 Be5 71. Re4 Kf6 72. Ra4 Bd6 73. Re4 Rg5+ 74. Kf3 Kf5 75. Ra4 Rg3+ 76. Kf2 Be5 77. Rb4 Ra3 78. Rc4 Bf4 79. Rc8 1/2-1/2

[Event "Montreal-ch U18"]
[Site "Montreal"]
[Date "1997.??.??"]
[Round "1"]
[White "Hua, Lefong"]
[Black "Filion, Charles"]
[Result "1-0"]
[WhiteElo "2220"]
[BlackElo "2155"]
[PlyCount "69"]
[EventDate "1997.??.??"]
[EventType "tourn"]
[EventRounds "7"]
[EventCountry "CAN"]
[SourceTitle "EXT 2000"]
[Source "ChessBase"]
[SourceDate "1999.11.16"]
[SourceVersion "1"]
[SourceVersionDate "1999.11.16"]
[SourceQuality "1"]

1. d4 Nf6 2. c4 c5 3. d5 e6 4. Nc3 exd5 5. cxd5 d6 6. e4 g6 7. f4 Bg7 8. Bb5+ Nfd7 9. a4 0-0 10. Nf3 Na6 11. 0-0 Nc7 12. Be2 Re8 13. Nd2 a6 14. Bf3 Rb8 15. Nc4 Bf8 16. Re1 b5 17. Na5 Qf6 18. Nc6 Rb7 19. e5 dxe5 20. Ne4 Qg7 21. d6 Ne6 22. fxe5 Nxe5 23. Nf6+ Qxf6 24. Nxe5 Nd4 25. Bxb7 Bxb7 26. d7 Rd8 27. axb5 axb5 28. Bd2 Be7 29. Ra3 Qd6 30. Bf4 Qd5 31. Qd2 Bf8 32. Bg5 f6 33. Bxf6 Rxd7 34. Rd3 Rd6 35. Qf2 1-0

[Event "Masters-Juniors"]
[Site "Defi"]
[Date "1997.??.??"]
[Round "3"]
[White "Khassanov, Marat"]
[Black "Filion, Charles"]
[Result "1/2-1/2"]
[WhiteElo "2325"]
[BlackElo "2145"]
[PlyCount "44"]
[EventDate "1997.??.??"]
[EventType "schev"]
[EventRounds "6"]
[EventCountry "CAN"]
[SourceTitle "EXT 2001"]
[Source "ChessBase"]
[SourceDate "2000.11.22"]
[SourceVersion "1"]
[SourceVersionDate "2000.11.22"]
[SourceQuality "1"]

1. c4 Nf6 2. Nc3 g6 3. d4 Bg7 4. e4 d6 5. Bd3 0-0 6. Nge2 Nc6 7. 0-0 Nh5 8. Be3 e5 9. Bc2 exd4 10. Nxd4 Ne5 11. Bb3 c5 12. Nf5 Bxf5 13. exf5 Qh4 14. f3 Nc6 15. g4 Rae8 16. Bf2 Qh3 17. gxh5 Be5 18. Bg3 Bxg3 19. hxg3 Qxg3+ 20. Kh1 Qh3+ 21. Kg1 Qg3+ 22. Kh1 Qh3+ 1/2-1/2

[Event "Masters-Juniors"]
[Site "Defi"]
[Date "1997.??.??"]
[Round "1"]
[White "Mikanovic, Goran"]
[Black "Filion, Charles"]
[Result "1-0"]
[WhiteElo "2305"]
[BlackElo "2145"]
[PlyCount "141"]
[EventDate "1997.??.??"]
[EventType "schev"]
[EventRounds "6"]
[EventCountry "CAN"]
[SourceTitle "EXT 2001"]
[Source "ChessBase"]
[SourceDate "2000.11.22"]
[SourceVersion "1"]
[SourceVersionDate "2000.11.22"]
[SourceQuality "1"]

1. d4 Nf6 2. c4 e6 3. Nc3 Bb4 4. Qc2 d5 5. cxd5 Qxd5 6. Nf3 Qf5 7. Qxf5 exf5 8. Bd2 c6 9. e3 Nbd7 10. Bc4 Nb6 11. Bb3 Be6 12. Bxe6 fxe6 13. Ke2 Nc4 14. a3 Bd6 15. Bc1 a5 16. b3 Nb6 17. a4 Nbd5 18. Nxd5 exd5 19. Ba3 Bxa3 20. Rxa3 Nd7 21. Ra2 Ke7 22. Rc2 Ra6 23. h3 h5 24. h4 Rb8 25. Rhc1 Kd6 26. Ne1 b5 27. Nd3 bxa4 28. bxa4 Nf8 29. Ne5 Rbb6 30. g3 Nd7 31. Nxd7 Kxd7 32. Kf3 Ke6 33. Kf4 Kf6 34. Rc3 g6 35. R1c2 Ke6 36. Kg5 Kf7 37. f3 Kg7 38. Rc5 Kf7 39. R2c3 Kg7 40. Rc2 Kf7 41. R2c3 Kg7 42. Kf4 Kf6 43. e4 fxe4 44. fxe4 dxe4 45. Kxe4 Kg7 46. Ke5 Kh6 47. Kd6 Ra8 48. Rxc6 Rd8+ 49. Ke5 Rb1 50. Rd6 Rf8 51. Kd5 Rf5+ 52. Kc6 Rb8 53. Rc5 Rff8 54. Rg5 Rfc8+ 55. Kd5 Rg8 56. Ke6 Rb3 57. Ra6 Re8+ 58. Kd5 Rd8+ 59. Rd6 Rg8 60. Kc6 Rc8+ 61. Kd7 Rg8 62. Ra6 Rb4 63. d5 Rxa4 64. d6 Ra1 65. Raxa5 Rf1 66. Kc7 Rg7+ 67. d7 Rf6 68. Rgd5 Rf3 69. Kc8 Rc3+ 70. Rac5 Ra3 71. Ra5 1-0

[Event "CAN-ch U18"]
[Site "Winnipeg"]
[Date "1997.??.??"]
[Round "2"]
[White "Zugic, Igor"]
[Black "Filion, Charles"]
[Result "1/2-1/2"]
[WhiteElo "2165"]
[BlackElo "2155"]
[PlyCount "43"]
[EventDate "1997.??.??"]
[EventType "tourn"]
[EventRounds "11"]
[EventCountry "CAN"]
[SourceTitle "EXT 2001"]
[Source "ChessBase"]
[SourceDate "2000.11.22"]
[SourceVersion "1"]
[SourceVersionDate "2000.11.22"]
[SourceQuality "1"]

1. d4 Nf6 2. Nf3 g6 3. g3 Bg7 4. Bg2 0-0 5. 0-0 d6 6. c4 Nc6 7. Nc3 a6 8. h3 Rb8 9. Be3 b5 10. Nd2 Bd7 11. d5 Na5 12. cxb5 axb5 13. b4 Nc4 14. Nxc4 bxc4 15. b5 Bxb5 16. Nxb5 Rxb5 17. a4 Ra5 18. Bd2 Ra8 19. Qc2 c6 20. dxc6 d5 21. Bc3 Qd6 22. Rad1 1/2-1/2

[Event "Montreal Interclubs"]
[Site "Montreal"]
[Date "1996.05.04"]
[Round "5"]
[White "Filion, Charles"]
[Black "Morin, Gaetan"]
[Result "1/2-1/2"]
[WhiteElo "2100"]
[BlackElo "1642"]
[PlyCount "70"]
[EventDate "1996.02.13"]
[EventType "swiss"]
[EventRounds "5"]
[EventCountry "CAN"]
[SourceTitle "EXT 2022"]
[Source "ChessBase"]
[SourceDate "2021.10.06"]
[SourceVersion "1"]
[SourceVersionDate "2021.10.06"]
[SourceQuality "1"]

1. d4 d5 2. c4 e6 3. Nc3 c5 4. Nf3 Nc6 5. cxd5 exd5 6. g3 Nf6 7. Bg2 Be7 8. 0-0 0-0 9. Bg5 Be6 10. Rc1 c4 11. Ne5 Qb6 12. Nxc6 bxc6 13. e4 h6 14. Bxf6 Bxf6 15. exd5 cxd5 16. Bxd5 Qxb2 17. Bxa8 Rxa8 18. Qf3 Rd8 19. d5 Bh3 20. Rfd1 Qa3 21. g4 Bxg4 22. Qxg4 Bxc3 23. Qf3 Bb2 24. Qxa3 Bxa3 25. Rxc4 Bd6 26. Rdc1 Kf8 27. Rc8 Ke7 28. Rxd8 Kxd8 29. Rc6 Kd7 30. Kg2 Bc7 31. h3 Bb6 32. Rxb6 axb6 33. Kf3 Kd6 34. Ke4 g6 35. h4 f5+ 1/2-1/2